000 00714nam a22002177a 4500
005 20240530110438.0
008 150414s2010 ua f 000 0 ara d
017 _a2009/20469
020 _a9772088134
040 _aEG-CaGPL
082 0 4 _221
_a791.43\
_bم أ
100 0 _aمحمود قاسم.
245 1 2 _aالافيش فى السينما لامصرية و العربية 1927- 2010 /
_cمحمود قاسم.
250 _aط1.
260 _aالقاهرة :
_bمكتبة مدبولى ،
_c2010.
300 _a1119 ص ؛
_c24 سم.
650 0 4 _aالافيشات السينمائية .
650 0 4 _aالسينما المصرية .
942 _2ddc
_cBK
999 _c60992
_d60992